|
|
|
|
| LEADER |
00767nta a2200169 i 4500 |
| 001 |
dipl46997 |
| 005 |
20150325161726.0 |
| 008 |
150325s2013 hu om 0|| zxx d |
| 040 |
|
|
|a SZTE Diploma Repozitórium
|b hun
|
| 041 |
|
|
|a zxx
|
| 100 |
1 |
|
|a Mikházi Enikő
|
| 245 |
1 |
0 |
|a Los rasgos góticos de las Leyendas de Gustavo Adolfo Bécquer
|h [elektronikus dokumentum] /
|c Enikő Mikházi
|
| 246 |
1 |
0 |
|a Gustavo Adolfo Bécquer legendáinak gótikus sajátosságai = The gothic features of the Legends of Gustavo Adolfo Bécquer
|h [elektronikus dokumentum]
|
| 260 |
|
|
|c 2013
|
| 650 |
|
4 |
|a Bölcsészettudományok
|
| 700 |
2 |
|
|a Lehoczkiné Katona Eszter
|e ths
|
| 856 |
4 |
0 |
|u http://diploma.bibl.u-szeged.hu/id/eprint/46997/1/2013_Mikh%C3%A1zi_Enik%C5%91_MIESAAB_SZE_SZ.pdf
|z Dokumentum-elérés
|